सागर के उस पार: (Record no. 38160)

MARC details
000 -LEADER
fixed length control field 01196nam a22002417a 4500
005 - DATE AND TIME OF LATEST TRANSACTION
control field 20100729120116.0
010 ## - LCCN (DPL NO)
LC control number HIN-89883
020 ## - INTERNATIONAL STANDARD BOOK NUMBER
International Standard Book Number 8172770650
Terms of availability 100.00
035 ## - SYSTEM CONTROL NUMBER
System control number HN-62229
037 ## - SOURCE OF ACQUISITION
Source of stock number/acquisition DBAD / PUB
082 ## - DEWEY DECIMAL CLASSIFICATION NUMBER
Classification number 821
100 ## - MAIN ENTRY--PERSONAL NAME
Personal name गुप्त, द्वारका लाल
245 ## - TITLE STATEMENT
Title सागर के उस पार:
Statement of responsibility, etc द्वारका लाल गुप्त
Remainder of title गीत संग्रह /
246 ## - VARYING FORM OF TITLE
Title proper/short title Sagar Ke Us Paar (Poems Collection)
Remainder of title by Dwarka Lal Gupt
260 ## - PUBLICATION, DISTRIBUTION, ETC. (IMPRINT)
Place of publication, distribution, etc दिल्ली
Name of publisher, distributor, etc स्वाति अकादमी
Date of publication, distribution, etc 2009
270 ## - ADDRESS
Address 239, गली कुंजस, दरीबाकलां, चांदनी चौक
City दिल्ली (भारत)
Postal code 110006
Telephone number 011-23278761, 9811532102
Electronic mail address megh_prakashan@rediffmail.com
300 ## - PHYSICAL DESCRIPTION
Extent 80पृ.
Dimensions 22सेमी (सजिल्द)
650 ## - SUBJECT ADDED ENTRY--TOPICAL TERM
Topical term following geographic name as entry element हिन्दी कविता
650 ## - SUBJECT ADDED ENTRY--TOPICAL TERM
Topical term following geographic name as entry element Hindi Poetry
700 ## - ADDED ENTRY--PERSONAL NAME
9 (RLIN) 2325
942 ## - ADDED ENTRY ELEMENTS (KOHA)
Source of classification or shelving scheme Dewey Decimal Classification
Item type Hindi Books
Classification part 821
Call number suffix गुप्तद्वा
Holdings
Withdrawn status Lost status Not for loan Collection code Home library Current library Date acquired Source of acquisition Cost, normal purchase price Full call number Barcode Copy number Cost, replacement price Koha item type
    Not For Loan Non-fiction D.B.Act.Division D.B.Act.Division 29/07/2010 DBAD / PUB 100.00 821 गुप्तद्वा HN-62229 1 100.00 Hindi Books

© Delhi Public Library
Hit Counter
free hit counter